| 000 | 00883nam a22002775a 4500 | ||
|---|---|---|---|
| 001 | 16614333 | ||
| 003 | NUST | ||
| 005 | 20210212144731.0 | ||
| 008 | 110119s2009 pk a b 001 0 eng | ||
| 010 | _a 2010344976 | ||
| 020 | _a9780195476682 | ||
| 025 | _aP-E-2010344976 | ||
| 037 | _bLibrary of Congress -- Islamabad Overseas Office | ||
| 038 | _aArshad | ||
| 040 |
_aDLC _cDLC |
||
| 042 | _alcode | ||
| 082 |
_a306.09 _bKHA |
||
| 100 | 1 |
_aKhan, Shoaib Sultan. _935677 |
|
| 245 | 1 | 4 |
_aThe Aga Khan rural support programme : _ba journey through grassroots development / _cShoaib Sultan Khan. |
| 260 |
_aKarachi : _bOxford University Press, _c2009. |
||
| 300 |
_a502 p. : _bcol. ill. ; _c23 cm. |
||
| 504 | _aIncludes bibliographical references and index. | ||
| 906 |
_a0 _bibc _corigode _d3 _encip _f20 _gy-gencatlg |
||
| 942 |
_2ddc _cBK |
||
| 999 |
_c541269 _d541269 |
||